00589nam a2200157 u 450000100100000000500170001000800410002704000250006808200150009310000460010824500610015426000650021530000210028095201130030199900170041400002048420200930011122.0100809s1955 dr r 000 0 spa d aDO-SdBNPbspacBNPHU axxxbL951e1 aLugo Lovatón, Ramónd1907-198794316910aEscombros :bhuracan del 1930 /cRamón Lugo Lovatón. aCiudad Trujillo, República Dominicana :bEl Caribe,c1955. a177 p. ;c23 cm. 0010718PDaPDbPDcCTd2019-07-19iLF1l0oxxx L951ep20484-10r2020-06-25w2020-06-25yLFPDZNo se presta c19988d19988